LIBRARY ONLINE CATALOGUE

Electronic test instrument : (Record no. 8400)

MARC details
000 -LEADER
fixed length control field 00684nam a22002172 4500
001 - CONTROL NUMBER
control field 0000013000
005 - DATE AND TIME OF LATEST TRANSACTION
control field 20151217152119.0
008 - FIXED-LENGTH DATA ELEMENTS--GENERAL INFORMATION
fixed length control field 090518s xx 000 0 eng d
020 ## - INTERNATIONAL STANDARD BOOK NUMBER
International Standard Book Number 8177587487 :
040 ## - CATALOGING SOURCE
Original cataloging agency KABU
Transcribing agency KABU
100 1# - MAIN ENTRY--PERSONAL NAME
Personal name Witte, Robert A.
-- 0000170045
245 10 - TITLE STATEMENT
Title Electronic test instrument :
Remainder of title analog and digital measurements /
Statement of responsibility, etc. Robert A. Witte.
250 ## - EDITION STATEMENT
Edition statement 2nd ed.
260 ## - PUBLICATION, DISTRIBUTION, ETC. (IMPRINT)
Place of publication, distribution, etc. New Delhi :
Name of publisher, distributor, etc. Pearson Education,
Date of publication, distribution, etc. 2003.
300 ## - PHYSICAL DESCRIPTION
Extent xvi,371 p.
650 #0 - SUBJECT ADDED ENTRY--TOPICAL TERM
Topical term or geographic name as entry element Electronic instruments.
-- 0000170046
650 #0 - SUBJECT ADDED ENTRY--TOPICAL TERM
Topical term or geographic name as entry element Electronic measurements.
-- 0000170047
852 1# - LOCATION
-- p3600 KES
908 ## - PUT COMMAND PARAMETER (RLIN)
Put command parameter 090518
950 ## - LOCAL HOLDINGS (RLIN)
-- 1
Holdings
Withdrawn status Lost status Source of classification or shelving scheme Not for loan Home library Current library Date acquired Total Checkouts Full call number Barcode Date last seen Price effective from Koha item type
    Library of Congress Classification   Kabarak, Main Campus Kabarak, Main Campus 17/12/2015   TK7878.4 .W58 2008 c. 1 17583 17/12/2015 17/12/2015 General Collection